Automatizace: cesta k zefektivnění procesu finanční závěrky
Požiadavka rýchlosti a efektivity spracovania finančnej závierky. Výzvy a problémy spracovania finančnej závierky. Kontrola a riadenie. Automatizácia. Kvalitatívna kontrola a sledovanie kvality. Závierková dokumentácia.
Saved in:
| Main Author: | |
|---|---|
| Format: | Book Chapter |
| Language: | Czech |
| Subjects: | |
| Tags: |
No Tags, Be the first to tag this record!
|
MARC
| LEADER | 00000nla$a2200000$$$4500 | ||
|---|---|---|---|
| 001 | 0143530 | ||
| 005 | 20240502072556.4 | ||
| 041 | 0 | |a cze | |
| 044 | |a SK | ||
| 245 | 1 | 0 | |a Automatizace: cesta k zefektivnění procesu finanční závěrky |c Karel Tkáč |
| 520 | |a Požiadavka rýchlosti a efektivity spracovania finančnej závierky. Výzvy a problémy spracovania finančnej závierky. Kontrola a riadenie. Automatizácia. Kvalitatívna kontrola a sledovanie kvality. Závierková dokumentácia. | ||
| 610 | 2 | 0 | |a závierka účtovná |
| 610 | 2 | 0 | |a hospodárenie finančné |
| 610 | 2 | 0 | |a kontrola |
| 610 | 2 | 0 | |a automatizácia |
| 610 | 2 | 0 | |a riadenie |
| 610 | 2 | 0 | |a efektívnosť |
| 610 | 2 | 0 | |a financie |
| 100 | 1 | |a Tkáč, Karel | |